000 00548nam a2200193Ia 4500
005 20250326141052.0
008 250326s9999 xx 000 0 und d
037 _aTextbook
040 _aFMSL
_beng
_cFMSL
041 _aeng
_2eng
084 _aX.1 N1
_qFMSL
100 _aKruman P.r.
_9743627
245 0 _aInternational economics;theory and policy.
_cKruman P.r.; Obstfeld M.
250 _a2nd .
260 _aNew York
_bNew York, Harper Collins pub.
_c1991
300 _a751p
942 _cTB
_hX.1 N1
999 _c1288555
_d1288555